Closest Genetic Populations to the Bulgarians - Statistics

General Stats
  • This quiz has been taken 30 times
    29 since last reset
  • The average score is 8 of 12
Answer Stats
Genetic Distance Ethnicity % Correct
1.456 Greek
100%
1.892 Serb
100%
1.074 Macedonian
92%
1.262 Romanian
92%
4.383 Turkish
83%
2.123 Albanian
79%
3.733 Croat
71%
1.833 Montenegrin
50%
3.038 Bosniak
46%
2.504 Italian
46%
3.565 French
25%
1.132 Gagauz
17%
No matching quizzes found
Score Distribution
Percent of People with Each Score
Percentile by Number Answered
Your Score History
You have not taken this quiz since the last reset